000 00456nam a2200193Ia 4500
005 20240823021142.0
008 240823s9999||||xx |||||||||||||| ||und||
020 _a81-7629-659-7
041 _aENGLISH
082 _A343.0745 P5
100 _aVerma S B
245 0 _aRural Management
250 _a1st
260 _c2005
_b"Deep and Deep, New "
_aNew Delhi
500 _aYES
650 _aRural
_bManagement Studies
942 _cBK
999 _c176407
_d176407